| 000 | 00665nam a22002177a 4500 | ||
|---|---|---|---|
| 005 | 20250723115831.0 | ||
| 008 | 250723b |||||||| |||| 00| 0 eng d | ||
| 037 | _cTB | ||
| 040 |
_aCRL _cCRL |
||
| 041 |
_2ital _aital |
||
| 084 |
_aO121v M0 _qCRL |
||
| 100 |
_aProsciutti, Ottavio _9816309 |
||
| 245 | _aLineamenti di leteratura italiana | ||
| 260 |
_aPerugia, Italy: _bGrafica, _c1980. |
||
| 300 | _a200p. | ||
| 365 |
_b150.00 _cINR |
||
| 650 |
_aItalian _9816310 |
||
| 650 |
_aItalian Literature _962212 |
||
| 942 |
_2CC _cTB _hO121v M0 _n0 |
||
| 999 |
_c1434194 _d1434194 |
||